000 00348nam a2200157Ia 4500
100 _aThompson/Erik G
650 _aFEM
942 _cBK
366 _f27
245 _aIntroduction to the finite element method:theory
260 _bWiley India
_c2004
082 _a620.0015
_bTHO
300 _a343
546 _aENGLISH
_cInfo.Tech
999 _c20968
_d20968